Business focus: Pre - Intermediate student's book
Nâng cao năng lực ngôn ngữ cho người học quan tâm đến lĩnh vực thương mại: cách bắt đầu 1 cuộc hội thoại, cách xin ý kiến và đưa ra một lượng lớn từ vựng trong lĩnh vực kinh doanh, thương mại
Đã lưu trong:
| Tác giả chính: | |
|---|---|
| Định dạng: | Sách |
| Năm xuất bản: |
Anh
Oxford University
2004
|
| Chủ đề: | |
| Tags: |
Thêm thẻ
Không có thẻ, Hãy là người đầu tiên gắn thẻ bản ghi này!
|
| LEADER | 00858nam a2200181 4500 | ||
|---|---|---|---|
| 999 | |c 4489 |d 4489 | ||
| 082 | |a 428.0071 |b GR105T | ||
| 100 | |a Grant, David | ||
| 245 | |a Business focus: Pre - Intermediate student's book |c David Grant, Robert Mclarty | ||
| 260 | |a Anh |b Oxford University |c 2004 | ||
| 300 | |a 142 tr. |c 28 cm + 1 CD | ||
| 520 | |a Nâng cao năng lực ngôn ngữ cho người học quan tâm đến lĩnh vực thương mại: cách bắt đầu 1 cuộc hội thoại, cách xin ý kiến và đưa ra một lượng lớn từ vựng trong lĩnh vực kinh doanh, thương mại | ||
| 653 | |a Ngôn ngữ | ||
| 653 | |a Tiếng Anh | ||
| 653 | |a Thương mại | ||
| 653 | |a Sách sinh viên | ||
| 942 | |2 ddc |c STK0 | ||
| 952 | |0 0 |1 0 |2 ddc |4 0 |6 428_007100000000000_GR105T |7 0 |9 115349 |a qbu |b qbu |c D4 |d 2018-10-10 |o 428.0071 GR105T |p 2741.c1 |r 2018-10-10 |w 2018-10-10 |y STK0 | ||